000 00245nam a22001217a 4500
082 _a494
_bKAY/H
100 _aBHATI,SHARADA
245 _aHINDI VYAKARAN
260 _aMEERUT
_bKEAM JEEM
300 _a456
650 _aGRAMMAR
_zINDIA
942 _cBK
999 _c4199
_d4199